|
|
|
|
| LEADER |
01807nam a22003137a 4500 |
| 001 |
33295 |
| 003 |
BD-DhAAL |
| 005 |
20250625114250.0 |
| 008 |
180710t1998 bg a|||| b||| 001 0 ben d |
| 020 |
|
|
|a 9843000833
|
| 040 |
|
|
|a BD-DhAAL
|d BD-DhAAL
|
| 041 |
|
|
|a ben
|
| 082 |
|
|
|a 307.72095492
|2 20
|
| 100 |
|
|
|a বাকী, আবদুল.
|9 26859
|
| 245 |
|
|
|a গ্রামীন বসতি :
|b বৈশিষ্ট্য, উন্নয়ন ও পরিকল্পনা প্রসঙ্গ /
|c আবদুল বাকী.
|
| 246 |
|
|
|a Grameen bashati ( Rural settlement : characteristics, development and planning issues
|
| 260 |
|
|
|a ঢাকা :
|b বঙ্গ প্রকাশনী,
|c ১৯৯৮.
|
| 300 |
|
|
|a ৬১০ পৃষ্ঠা :
|b চিত্র ;
|c ২৩ সে.মি.
|
| 504 |
|
|
|a গ্রন্থপঞ্জিগত নির্দেশিকা ও নিঘন্ট অন্তভূক্ত।
|
| 526 |
|
|
|a ARC
|
| 541 |
|
|
|a Department of Architecture, Donated By Akbar Ali Khan
|e 33295, 37998
|
| 650 |
|
|
|a Villages
|z Bangladesh.
|9 26860
|
| 650 |
|
|
|a Land settlement
|z Bangladesh.
|9 26861
|
| 651 |
|
|
|a Bangladesh.
|x Rural conditions.
|9 26862
|
| 852 |
|
|
|a Department of Architecture
|c General Stacks
|
| 942 |
|
|
|2 ddc
|c BK
|
| 999 |
|
|
|c 39643
|d 39643
|
| 952 |
|
|
|0 0
|1 1
|2 ddc
|4 0
|6 307_720954920000000_BAK
|7 0
|9 63695
|a ARC
|b ARC
|c GEN
|d 2018-07-10
|e Department of Architecture
|l 0
|o 307.72095492 BAK
|p 3010033295
|r 2018-07-10
|t 1
|w 2018-07-10
|y BK
|x lost from the ARC department library and approved by the Dean (reasons personal books withdrawn by Hasibul Kabir Sir and Building shifting)
|
| 952 |
|
|
|0 0
|1 0
|2 ddc
|4 0
|6 307_720954920000000_BAK
|7 1
|9 70164
|a BRACUL
|b BRACUL
|c AAKC
|d 2022-03-16
|e Donated by Akbar Ali Khan
|l 0
|o 307.72095492 BAK
|p 3010037998
|r 2022-03-16
|t 2
|w 2022-03-16
|y BK
|